[Event "SVK Extraliga 2019-20"]
[Site "Slovakia"]
[Date "2020.01.18"]
[Round "5.6"]
[White "Lisko, Frantisek"]
[Black "Maslik, Miroslav"]
[Result "0-1"]
[WhiteElo "2256"]
[BlackElo "2358"]
[Annotator "ChessBase"]
[PlyCount "106"]
[EventDate "2019.10.19"]
[EventType "team-tourn"]
[EventCountry "SVK"]
[SourceTitle "playchess.com"]
[Source "ChessBase"]
[SourceQuality "1"]
[WhiteTeam "Dunajov"]
[BlackTeam "Modra "]
[WhiteTeamCountry "SVK"]
[BlackTeamCountry "SVK"]
[TimeControl "40/5400+30:1800+30"]

1. d4 {[%emt 0:00:00]} d6 {[%emt 0:00:08]} 2. c4 {[%emt 0:00:00]} e5 {[%emt 0:00:13]} 3. d5 {[%emt 0:00:01]} f5 {[%emt 0:00:12]} 4. e4 {[%emt 0:00:17]} fxe4 {[%emt 0:00:14]} 5. Nc3 {[%emt 0:00:20]} Nf6 {[%emt 0:00:02]} 6. Nge2 {[%emt 0:03:02]} Bf5 {[%emt 0:05:50]} 7. Ng3 {[%emt 0:03:03]} Bg6 {[%emt 0:00:07]} 8. Qe2 {[%emt 0:22:32]} c6 {[%emt 0:17:09]} 9. Ngxe4 {[%emt 0:03:22]} Nxe4 {[%emt 0:04:22]} 10. Nxe4 {[%emt 0:00:15]} cxd5 {[%emt 0:00:11]} 11. cxd5 {[%emt 0:00:13]} Qa5+ {[%emt 0:00:41]} 12. Nc3 {[%emt 0:00:42]} Nd7 {[%emt 0:13:08]} 13. Qg4 {[%emt 0:10:45]} a6 {[%emt 0:04:38]} 14. Be2 {[%emt 0:07:40]} Be7 {[%emt 0:01:14]} 15. Bg5 {[%emt 0:05:29]} Bxg5 {[%emt 0:06:11]} 16. Qxg5 {[%emt 0:00:30]} Nf6 {[%emt 0:01:04]} 17. O-O {[%emt 0:11:35]} O-O {[%emt 0:00:25]} 18. Rad1 {[%emt 0:07:41]} Qb6 {[%emt 0:06:34]} 19. Rd2 {[%emt 0:02:10]} Rac8 {[%emt 0:02:01]} 20. Qe3 {[%emt 0:03:38]} Qxe3 {[%emt 0:03:19]} 21. fxe3 {[%emt 0:00:11]} b5 {[%emt 0:01:29]} 22. a3 {[%emt 0:00:17]} Rc5 {[%emt 0:01:15]} 23. Rfd1 {[%emt 0:08:16]} Rfc8 {[%emt 0:01:55]} 24. h3 {[%emt 0:01:17]} h5 {[%emt 0:04:32]} 25. Kh2 {[%emt 0:02:59]} Kf7 {[%emt 0:05:45]} 26. Kg1 {[%emt 0:02:04]} Ke7 {[%emt 0:00:13]} 27. Kh2 {[%emt 0:00:12]} R8c7 {[%emt 0:00:49]} 28. Kg1 {[%emt 0:00:09]} h4 {[%emt 0:03:40]} 29. Kh2 {[%emt 0:01:14]} Bf5 {[%emt 0:04:02]} 30. Kg1 {[%emt 0:00:22]} g6 {[%emt 0:01:45]} 31. Kh2 {[%emt 0:00:22]} Rxc3 {[%emt 0:05:14]} 32. bxc3 {[%emt 0:00:08]} Rxc3 {[%emt 0:00:02]} 33. a4 {[%emt 0:01:26]} bxa4 {[%emt 0:00:50]} 34. Bxa6 {[%emt 0:01:07]} Rxe3 {[%emt 0:00:43]} 35. Rb2 {[%emt 0:02:09]} Rb3 {[%emt 0:00:22]} 36. Ra2 {[%emt 0:00:54]} Ne4 {[%emt 0:02:40]} 37. Rc1 {[%emt 0:01:21]} Nc5 {[%emt 0:03:02]} 38. Bc4 {[%emt 0:00:23]} Rb4 {[%emt 0:00:33]} 39. Ra3 {[%emt 0:00:53]} e4 {[%emt 0:01:04]} 40. Kg1 {[%emt 0:00:25]} Kf6 {[%emt 0:00:25]} 41. Ba2 {[%emt 0:06:42]} Ke5 {[%emt 0:02:16]} 42. Rc4 {[%emt 0:00:41]} Rb2 {[%emt 0:03:46]} 43. Rcc3 {[%emt 0:03:10]} Rd2 {[%emt 0:01:56]} 44. Rc4 {[%emt 0:07:15]} Rxd5 {[%emt 0:01:48]} 45. Rb4 {[%emt 0:03:08]} Rd1+ {[%emt 0:00:22]} 46. Kh2 {[%emt 0:00:11]} Rd3 {[%emt 0:07:12]} 47. Rxd3 {[%emt 0:01:13]} exd3 {[%emt 0:00:02]} 48. Rb1 {[%emt 0:02:05]} Kd4 {[%emt 0:00:17]} 49. Kg1 {[%emt 0:00:35]} d2 {[%emt 0:00:26]} 50. Rd1 {[%emt 0:00:27]} Ke3 {[%emt 0:00:31]} 51. Bd5 {[%emt 0:00:46]} Bc2 {[%emt 0:00:45]} 52. Bf3 {[%emt 0:00:18]} Bxd1 {[%emt 0:00:14]} 53. Bxd1 {[%emt 0:00:06]} a3 {[%emt 0:00:04]} 0-1

[Event "SVK Extraliga 2019-20"]
[Site "Slovakia"]
[Date "2020.01.18"]
[Round "5.7"]
[White "Zpevak, Pavel"]
[Black "Zwardon, Vojtech"]
[Result "1/2-1/2"]
[WhiteElo "2347"]
[BlackElo "2476"]
[Annotator "ChessBase"]
[PlyCount "121"]
[EventDate "2019.10.19"]
[EventType "team-tourn"]
[EventCountry "SVK"]
[SourceTitle "playchess.com"]
[Source "ChessBase"]
[SourceQuality "1"]
[WhiteTeam "Dubnica"]
[BlackTeam "Zilina"]
[TimeControl "40/5400+30:1800+30"]

1. d4 {[%emt 0:00:00]} Nf6 {[%emt 0:02:33]} 2. Nf3 {[%emt 0:00:01]} e6 {[%emt 0:00:02]} 3. g3 {[%emt 0:01:00]} b5 {[%emt 0:00:01]} 4. Bg2 {[%emt 0:00:10]} Bb7 {[%emt 0:00:02]} 5. O-O {[%emt 0:00:52]} c5 {[%emt 0:00:01]} 6. c3 {[%emt 0:00:33]} cxd4 {[%emt 0:00:06]} 7. cxd4 {[%emt 0:00:16]} Be7 {[%emt 0:00:06]} 8. Bg5 {[%emt 0:00:58]} O-O {[%emt 0:05:08]} 9. Qd3 {[%emt 0:04:02]} Be4 {[%emt 0:00:47]} 10. Qd1 {[%emt 0:03:11]} d6 {[%emt 0:06:03]} 11. Nc3 {[%emt 0:07:12]} Bc6 {[%emt 0:01:26]} 12. a3 {[%emt 0:04:23]} Nbd7 {[%emt 0:04:59]} 13. Qd3 {[%emt 0:06:32]} Qb6 {[%emt 0:04:06]} 14. d5 {[%emt 0:05:45]} Bxd5 {[%emt 0:07:05]} 15. Nxd5 {[%emt 0:01:08]} exd5 {[%emt 0:00:15]} 16. Nd4 {[%emt 0:04:05]} Ne5 {[%emt 0:00:22]} 17. Qd1 {[%emt 0:00:37]} Rac8 {[%emt 0:06:05]} 18. Nf5 {[%emt 0:03:46]} Bd8 {[%emt 0:02:50]} 19. Rc1 {[%emt 0:19:58]} Rxc1 {[%emt 0:01:22]} 20. Qxc1 {[%emt 0:00:27]} g6 {[%emt 0:00:39]} 21. Be3 {[%emt 0:17:13]} Qa6 {[%emt 0:03:29]} 22. Nd4 {[%emt 0:05:58]} Bb6 {[%emt 0:01:17]} 23. Qd1 {[%emt 0:00:27]} Nc4 {[%emt 0:01:14]} 24. Bc1 {[%emt 0:00:28]} Rc8 {[%emt 0:03:19]} 25. Qd3 {[%emt 0:03:45]} Bc5 {[%emt 0:07:25]} 26. Nc2 {[%emt 0:05:42]} Ne5 {[%emt 0:00:20]} 27. Qd1 {[%emt 0:01:01]} Qa4 {[%emt 0:00:07]} 28. Ne3 {[%emt 0:02:11]} Qxd1 {[%emt 0:03:10]} 29. Rxd1 {[%emt 0:00:08]} d4 {[%emt 0:00:06]} 30. Nf1 {[%emt 0:02:21]} Bb6 {[%emt 0:00:24]} 31. Bg5 {[%emt 0:00:32]} Kg7 {[%emt 0:00:35]} 32. Rc1 {[%emt 0:00:23]} Rc4 {[%emt 0:01:02]} 33. Bd2 {[%emt 0:00:23]} d5 {[%emt 0:01:53]} 34. b3 {[%emt 0:00:12]} Rxc1 {[%emt 0:00:28]} 35. Bxc1 {[%emt 0:00:05]} Ne4 {[%emt 0:00:43]} 36. Nd2 {[%emt 0:00:23]} f5 {[%emt 0:02:20]} 37. h3 {[%emt 0:00:44]} a5 {[%emt 0:06:44]} 38. Kf1 {[%emt 0:00:18]} a4 {[%emt 0:00:31]} 39. b4 {[%emt 0:00:42]} Nc4 {[%emt 0:01:08]} 40. Nf3 {[%emt 0:00:54]} Nc3 {[%emt 0:01:56]} 41. Ne1 {[%emt 0:30:42]} Na2 {[%emt 0:30:25]} 42. Nd3 {[%emt 0:00:31]} Nxc1 {[%emt 0:00:56]} 43. Nxc1 {[%emt 0:00:06]} Nxa3 {[%emt 0:00:08]} 44. Bxd5 {[%emt 0:00:16]} Nc2 {[%emt 0:00:12]} 45. Na2 {[%emt 0:00:00]} Bc7 {[%emt 0:00:00]} 46. Bc6 {[%emt 0:00:00]} Bd6 {[%emt 0:00:00]} 47. Bxb5 {[%emt 0:00:00]} a3 {[%emt 0:00:00]} 48. Bc4 {[%emt 0:00:00]} Nxb4 {[%emt 0:00:00]} 49. Nc1 {[%emt 0:00:00]} f4 {[%emt 0:00:00]} 50. gxf4 {[%emt 0:00:00]} Bxf4 {[%emt 0:00:00]} 51. Nd3 {[%emt 0:00:00]} Bd2 {[%emt 0:00:00]} 52. Nxb4 {[%emt 0:00:00]} Bxb4 {[%emt 0:00:00]} 53. Kg2 {[%emt 0:00:00]} Kf6 {[%emt 0:00:00]} 54. f4 {[%emt 0:00:00]} Ke7 {[%emt 0:00:00]} 55. Kf3 {[%emt 0:00:00]} Kd6 {[%emt 0:00:00]} 56. Ke4 {[%emt 0:00:00]} Kc5 {[%emt 0:00:00]} 57. Bg8 {[%emt 0:00:00]} Bd2 {[%emt 0:00:00]} 58. Bf7 {[%emt 0:00:00]} Be3 {[%emt 0:00:00]} 59. Bg8 {[%emt 0:00:06]} h6 {[%emt 0:00:00]} 60. Bf7 {[%emt 0:00:38]} h5 {[%emt 0:00:00]} 61. Kd3 {[%emt 0:05:23]} 1/2-1/2

[Event "SVK Extraliga 2019-20"]
[Site "Slovakia"]
[Date "2020.01.18"]
[Round "5.7"]
[White "Briestensky, Rastislav"]
[Black "Vass, Frantisek"]
[Result "0-1"]
[WhiteElo "2344"]
[BlackElo "2306"]
[Annotator "ChessBase"]
[PlyCount "104"]
[EventDate "2019.10.19"]
[EventType "team-tourn"]
[EventCountry "SVK"]
[SourceTitle "playchess.com"]
[Source "ChessBase"]
[SourceQuality "1"]
[WhiteTeam "Slovan"]
[BlackTeam "Podhajska"]
[TimeControl "40/5400+30:1800+30"]

1. e4 {[%emt 0:00:00]} e6 {[%emt 0:00:53]} 2. d4 {[%emt 0:02:04]} d5 {[%emt 0:00:09]} 3. Nd2 {[%emt 0:00:07]} c5 {[%emt 0:01:33]} 4. dxc5 {[%emt 0:04:12]} Bxc5 {[%emt 0:01:21]} 5. Nb3 {[%emt 0:02:53]} Be7 {[%emt 0:00:36]} 6. exd5 {[%emt 0:04:49]} exd5 {[%emt 0:01:42]} 7. Nf3 {[%emt 0:00:15]} Nf6 {[%emt 0:00:53]} 8. Be2 {[%emt 0:03:53]} O-O {[%emt 0:00:37]} 9. O-O {[%emt 0:00:37]} Qc7 {[%emt 0:01:37]} 10. Bg5 {[%emt 0:04:54]} Rd8 {[%emt 0:01:25]} 11. Bh4 {[%emt 0:09:50]} Nc6 {[%emt 0:03:57]} 12. c3 {[%emt 0:02:48]} a6 {[%emt 0:02:45]} 13. a4 {[%emt 0:02:36]} Bf5 {[%emt 0:04:57]} 14. Bg3 {[%emt 0:05:05]} Bd6 {[%emt 0:03:22]} 15. Bxd6 {[%emt 0:00:26]} Qxd6 {[%emt 0:01:24]} 16. Nfd4 {[%emt 0:03:45]} Be4 {[%emt 0:04:00]} 17. Qc1 {[%emt 0:10:23]} Ne5 {[%emt 0:01:57]} 18. f3 {[%emt 0:00:23]} Bg6 {[%emt 0:03:33]} 19. Rd1 {[%emt 0:07:01]} Nc4 {[%emt 0:01:51]} 20. Nd2 {[%emt 0:04:15]} Ne3 {[%emt 0:20:34]} 21. Re1 {[%emt 0:00:19]} Re8 {[%emt 0:02:42]} 22. Nf1 {[%emt 0:08:44]} Nc4 {[%emt 0:02:42]} 23. b3 {[%emt 0:00:26]} Ne5 {[%emt 0:03:20]} 24. Qd2 {[%emt 0:02:26]} Rac8 {[%emt 0:01:17]} 25. Rec1 {[%emt 0:00:59]} Qc5 {[%emt 0:11:24]} 26. Ne3 {[%emt 0:05:15]} Nc6 {[%emt 0:01:21]} 27. Kf2 {[%emt 0:01:08]} Rc7 {[%emt 0:08:02]} 28. g3 {[%emt 0:04:34]} Rce7 {[%emt 0:00:53]} 29. b4 {[%emt 0:02:23]} Qa7 {[%emt 0:02:39]} 30. Nxc6 {[%emt 0:00:31]} bxc6 {[%emt 0:00:36]} 31. Qd4 {[%emt 0:00:07]} Qxd4 {[%emt 0:03:11]} 32. cxd4 {[%emt 0:00:02]} Rxe3 {[%emt 0:00:06]} 33. Bxa6 {[%emt 0:00:09]} Rb3 {[%emt 0:00:48]} 34. Rxc6 {[%emt 0:00:54]} Rxb4 {[%emt 0:00:56]} 35. a5 {[%emt 0:00:07]} Rb2+ {[%emt 0:03:05]} 36. Kg1 {[%emt 0:00:05]} Bf5 {[%emt 0:00:38]} 37. Rc7 {[%emt 0:01:24]} Reb8 {[%emt 0:02:25]} 38. Bf1 {[%emt 0:01:31]} R2b7 {[%emt 0:02:09]} 39. Rc5 {[%emt 0:02:05]} Kf8 {[%emt 0:01:07]} 40. a6 {[%emt 0:00:07]} Ra7 {[%emt 0:00:05]} 41. Rac1 {[%emt 0:33:08]} Ke8 {[%emt 0:07:02]} 42. Rc7 {[%emt 0:00:00]} Rba8 {[%emt 0:02:23]} 43. g4 {[%emt 0:00:00]} Bd7 {[%emt 0:01:14]} 44. g5 {[%emt 0:00:00]} Ng8 {[%emt 0:03:45]} 45. R7c5 {[%emt 0:00:00]} Ne7 {[%emt 0:00:26]} 46. Re1 {[%emt 0:00:00]} Kd8 {[%emt 0:00:30]} 47. f4 {[%emt 0:00:00]} Bc8 {[%emt 0:00:25]} 48. f5 {[%emt 0:00:00]} Bxf5 {[%emt 0:00:48]} 49. Re5 {[%emt 0:00:00]} Bc8 {[%emt 0:01:01]} 50. Bd3 {[%emt 0:00:00]} Bxa6 {[%emt 0:00:24]} 51. Bxh7 {[%emt 0:00:00]} g6 {[%emt 0:02:24]} 52. h4 {[%emt 0:00:00]} Bc4 {[%emt 0:01:25]} 0-1

[Event "SVK Extraliga 2019-20"]
[Site "Slovakia"]
[Date "2020.01.18"]
[Round "5.7"]
[White "Schwarz, Dusan"]
[Black "Hanko, Pavol"]
[Result "1-0"]
[WhiteElo "2309"]
[BlackElo "2107"]
[Annotator "TA"]
[PlyCount "71"]
[EventDate "2019.10.19"]
[EventType "team-tourn"]
[EventCountry "SVK"]
[SourceTitle "playchess.com"]
[Source "ChessBase"]
[SourceQuality "1"]
[WhiteTeam "Modra "]
[BlackTeam "Dunajov"]
[WhiteTeamCountry "SVK"]
[BlackTeamCountry "SVK"]

{[%evp 16,71,44,18,28,30,34,37,82,72,66,68,82,62,81,64,100,105,115,100,124,118,117,83,105,88,99,79,146,129,132,141,143,124,123,109,170,151,343,337,337,322,426,396,520,519,596,593,537,505,684,676,755,755,776,769,29986,29987]} 1. d4 Nf6 2. c4 g6 3. Nc3 Bg7 4. e4 d6 5. Nf3 O-O 6. h3 e5 7. d5 a5 8. Bg5 Na6 9. g4 h6 {E90: King's Indian: Classical: Early deviations and 6 h3.} 10. Be3 h5 11. g5 Nh7 {White is slightly better.} 12. Be2 Bd7 13. Qd2 {[#]} Nc5 $146 ({Predecessor:} 13... Qc8 14. h4 f5 15. gxf6 Nxf6 16. Nh2 Nc5 17. f3 Nh7 18. O-O-O Rf6 19. Rdg1 Kh8 20. Rg3 Qf8 {0-1 (35) Glavina,P (2405)-Damljanovic,B (2585) Oviedo 1992}) 14. O-O-O c6 15. Kb1 cxd5 {[#] aiming for ...d4.} 16. Bxc5 $1 ({Of course not} 16. exd5 $6 Bf5+ 17. Ka1 b6 $11) (16. Qxd5 $6 Bc6 $11) (16. cxd5 $6 Rc8 $11) 16... dxc5 17. Qxd5 Be6 18. Qxc5 Qc8 19. Qxc8 Raxc8 20. Nd5 {Strongly threatening Ne7+.} Rfe8 21. h4 f5 ({Black should try} 21... Nf8) 22. gxf6 Nxf6 23. Ng5 Nxd5 24. cxd5 Bd7 25. Rhg1 $36 {[%mdl 2048] White is on the roll.} Bf8 (25... Rf8 $16) 26. Ne6 Kf7 $2 (26... Bxe6 $16 27. Rxg6+ (27. dxe6 Rxe6 28. Bxh5 Rcc6 $16) 27... Kh7 28. Rxe6 Rxe6 29. dxe6 Re8) 27. Nxf8 $18 Rxf8 28. Rg5 Kf6 29. Rdg1 Be8 {[#]} 30. Bxh5 $1 {[%mdl 512]} Ke7 (30... gxh5 31. Rf5+) 31. Rxe5+ Kd8 32. Bxg6 Bb5 33. Bf5 Bd3+ 34. Ka1 Rc2 35. d6 Bb5 36. Rxb5 {[%mdl 64] Double Attack. Accuracy: White = 100%, Black = 44%.} 1-0

[Event "SVK Extraliga 2019-20"]
[Site "Slovakia"]
[Date "2020.01.18"]
[Round "5.7"]
[White "Danada, Tomas"]
[Black "Tropp, Lukas"]
[Result "1-0"]
[WhiteElo "2277"]
[BlackElo "2132"]
[Annotator "ChessBase"]
[PlyCount "89"]
[EventDate "2019.10.19"]
[EventType "team-tourn"]
[EventCountry "SVK"]
[SourceTitle "playchess.com"]
[Source "ChessBase"]
[SourceQuality "1"]
[WhiteTeam "Prakovce"]
[BlackTeam "Košice"]
[TimeControl "40/5400+30:1800+30"]

1. Nf3 {[%emt 0:03:25]} Nf6 {[%emt 0:00:25]} 2. e3 {[%emt 0:00:30]} g6 {[%emt 0:01:46]} 3. b4 {[%emt 0:00:31]} Bg7 {[%emt 0:00:50]} 4. Bb2 {[%emt 0:00:02]} a5 {[%emt 0:03:25]} 5. b5 {[%emt 0:04:54]} d6 {[%emt 0:08:51]} 6. Be2 {[%emt 0:02:53]} e5 {[%emt 0:07:07]} 7. d4 {[%emt 0:03:10]} e4 {[%emt 0:04:36]} 8. Nfd2 {[%emt 0:00:13]} O-O {[%emt 0:00:35]} 9. c4 {[%emt 0:00:21]} Re8 {[%emt 0:01:52]} 10. g4 {[%emt 0:03:29]} c5 {[%emt 0:11:53]} 11. dxc5 {[%emt 0:12:46]} Nxg4 {[%emt 0:12:38]} 12. Bxg7 {[%emt 0:00:20]} Nxf2 {[%emt 0:00:04]} 13. Kxf2 {[%emt 0:01:47]} Qh4+ {[%emt 0:00:30]} 14. Kg1 {[%emt 0:00:50]} Qg5+ {[%emt 0:01:02]} 15. Kf2 {[%emt 0:00:31]} Kxg7 {[%emt 0:04:11]} 16. Na3 {[%emt 0:07:09]} Qh4+ {[%emt 0:09:24]} 17. Kg1 {[%emt 0:00:11]} Re5 {[%emt 0:18:58]} 18. Nf1 {[%emt 0:00:49]} Rg5+ {[%emt 0:00:29]} 19. Ng3 {[%emt 0:00:06]} Rxg3+ {[%emt 0:03:31]} 20. hxg3 {[%emt 0:00:05]} Qxg3+ {[%emt 0:00:03]} 21. Kf1 {[%emt 0:00:06]} Bh3+ {[%emt 0:00:12]} 22. Rxh3 {[%emt 0:00:08]} Qxh3+ {[%emt 0:00:03]} 23. Ke1 {[%emt 0:01:33]} Qxe3 {[%emt 0:00:45]} 24. Nc2 {[%emt 0:00:31]} Qg1+ {[%emt 0:01:36]} 25. Kd2 {[%emt 0:00:23]} Qxc5 {[%emt 0:00:23]} 26. Kc3 {[%emt 0:00:36]} Nd7 {[%emt 0:05:14]} 27. Qd4+ {[%emt 0:01:47]} Qxd4+ {[%emt 0:00:27]} 28. Kxd4 {[%emt 0:00:32]} f5 {[%emt 0:00:03]} 29. Kd5 {[%emt 0:01:12]} Nf6+ {[%emt 0:00:03]} 30. Kxd6 {[%emt 0:00:16]} Rd8+ {[%emt 0:00:03]} 31. Kc7 {[%emt 0:00:07]} Rd7+ {[%emt 0:00:11]} 32. Kb6 {[%emt 0:01:22]} Rd2 {[%emt 0:00:03]} 33. Bd1 {[%emt 0:00:22]} f4 {[%emt 0:00:34]} 34. Kxb7 {[%emt 0:01:38]} e3 {[%emt 0:01:14]} 35. Ne1 {[%emt 0:11:41]} e2 {[%emt 0:01:40]} 36. Bxe2 {[%emt 0:04:57]} Rxe2 {[%emt 0:00:03]} 37. c5 {[%emt 0:00:17]} g5 {[%emt 0:01:49]} 38. c6 {[%emt 0:01:53]} Re7+ {[%emt 0:01:33]} 39. c7 {[%emt 0:00:56]} Ne8 {[%emt 0:00:26]} 40. b6 {[%emt 0:00:12]} g4 {[%emt 0:00:27]} 41. Kc6 {[%emt 0:31:42]} Re6+ {[%emt 0:30:21]} 42. Kd5 {[%emt 0:01:41]} Nxc7+ {[%emt 0:00:00]} 43. bxc7 {[%emt 0:00:00]} Re8 {[%emt 0:00:00]} 44. Rc1 {[%emt 0:00:00]} f3 {[%emt 0:00:00]} 45. Nxf3 {[%emt 0:00:00]} 1-0

[Event "SVK Extraliga 2019-20"]
[Site "Slovakia"]
[Date "2020.01.18"]
[Round "5.7"]
[White "Brnusak, Tomas"]
[Black "Sepesi, Samuel"]
[Result "0-1"]
[WhiteElo "2032"]
[BlackElo "2169"]
[Annotator "ChessBase"]
[PlyCount "68"]
[EventDate "2019.10.19"]
[EventType "team-tourn"]
[EventCountry "SVK"]
[SourceTitle "playchess.com"]
[Source "ChessBase"]
[SourceQuality "1"]
[WhiteTeam "Liptovska"]
[BlackTeam "Snina"]
[TimeControl "40/5400+30:1800+30"]

1. Nf3 {[%emt 0:00:00]} c5 {[%emt 0:01:14]} 2. c4 {[%emt 0:01:20]} g6 {[%emt 0:00:35]} 3. d4 {[%emt 0:00:57]} cxd4 {[%emt 0:00:16]} 4. Nxd4 {[%emt 0:00:44]} Nc6 {[%emt 0:01:01]} 5. e4 {[%emt 0:00:47]} Bg7 {[%emt 0:02:57]} 6. Be3 {[%emt 0:01:28]} Nf6 {[%emt 0:00:33]} 7. Nc3 {[%emt 0:01:04]} d6 {[%emt 0:00:20]} 8. Be2 {[%emt 0:01:04]} O-O {[%emt 0:00:06]} 9. O-O {[%emt 0:01:19]} Bd7 {[%emt 0:00:38]} 10. h3 {[%emt 0:01:33]} Nxd4 {[%emt 0:33:18]} 11. Bxd4 {[%emt 0:00:40]} Bc6 {[%emt 0:00:07]} 12. Qc2 {[%emt 0:02:14]} a5 {[%emt 0:01:16]} 13. Rad1 {[%emt 0:03:39]} Nd7 {[%emt 0:03:30]} 14. Bxg7 {[%emt 0:00:59]} Kxg7 {[%emt 0:00:02]} 15. Bg4 {[%emt 0:02:45]} Nc5 {[%emt 0:09:24]} 16. e5 {[%emt 0:02:44]} f5 {[%emt 0:00:25]} 17. Be2 {[%emt 0:02:52]} f4 {[%emt 0:00:32]} 18. Nd5 {[%emt 0:07:32]} Rf5 {[%emt 0:25:45]} 19. exd6 {[%emt 0:03:35]} exd6 {[%emt 0:00:08]} 20. Bg4 {[%emt 0:01:22]} Re5 {[%emt 0:06:17]} 21. Rfe1 {[%emt 0:02:54]} Rxe1+ {[%emt 0:03:37]} 22. Rxe1 {[%emt 0:00:08]} Bxd5 {[%emt 0:00:10]} 23. cxd5 {[%emt 0:00:44]} Qf6 {[%emt 0:01:39]} 24. h4 {[%emt 0:08:18]} h5 {[%emt 0:01:44]} 25. Bh3 {[%emt 0:00:38]} Qxh4 {[%emt 0:03:00]} 26. Qc3+ {[%emt 0:00:18]} Kh6 {[%emt 0:00:45]} 27. b3 {[%emt 0:20:11]} Rf8 {[%emt 0:00:45]} 28. Qxa5 {[%emt 0:01:40]} Nd3 {[%emt 0:01:13]} 29. Rf1 {[%emt 0:01:06]} f3 {[%emt 0:01:06]} 30. Qd2+ {[%emt 0:00:38]} Nf4 {[%emt 0:00:26]} 31. Rc1 {[%emt 0:01:16]} g5 {[%emt 0:00:47]} 32. Qe3 {[%emt 0:06:03]} fxg2 {[%emt 0:01:45]} 33. Bxg2 {[%emt 0:00:46]} Qg4 {[%emt 0:00:19]} 34. Qe4 {[%emt 0:03:02]} Ne2+ {[%emt 0:00:11]} 0-1

[Event "SVK Extraliga 2019-20"]
[Site "Slovakia"]
[Date "2020.01.18"]
[Round "5.7"]
[White "Striskova, Lucia"]
[Black "Takacs, Laszlo"]
[Result "0-1"]
[WhiteElo "1645"]
[BlackElo "2185"]
[Annotator "ChessBase"]
[PlyCount "70"]
[EventDate "2019.10.19"]
[EventType "team-tourn"]
[EventCountry "SVK"]
[SourceTitle "playchess.com"]
[Source "ChessBase"]
[SourceQuality "1"]
[WhiteTeam "Bratislava"]
[BlackTeam "Streda"]
[TimeControl "40/5400+30:1800+30"]

1. e4 {[%emt 0:00:00]} c5 {[%emt 0:00:00]} 2. Nf3 {[%emt 0:00:00]} d6 {[%emt 0:00:00]} 3. d4 {[%emt 0:00:02]} cxd4 {[%emt 0:00:00]} 4. Nxd4 {[%emt 0:00:10]} Nf6 {[%emt 0:00:00]} 5. Nc3 {[%emt 0:00:24]} g6 {[%emt 0:00:11]} 6. Be2 {[%emt 0:04:50]} Bg7 {[%emt 0:00:51]} 7. Be3 {[%emt 0:00:21]} O-O {[%emt 0:00:11]} 8. Qd2 {[%emt 0:00:55]} Nc6 {[%emt 0:00:22]} 9. f3 {[%emt 0:02:16]} d5 {[%emt 0:01:24]} 10. exd5 {[%emt 0:09:01]} Nxd5 {[%emt 0:00:11]} 11. Nxd5 {[%emt 0:01:01]} Qxd5 {[%emt 0:00:09]} 12. Nxc6 {[%emt 0:00:38]} Qxc6 {[%emt 0:01:11]} 13. c3 {[%emt 0:02:00]} Bf5 {[%emt 0:01:41]} 14. O-O {[%emt 0:00:26]} Rfd8 {[%emt 0:00:20]} 15. Qe1 {[%emt 0:00:34]} Qa4 {[%emt 0:06:49]} 16. Bd1 {[%emt 0:05:42]} Qb5 {[%emt 0:00:55]} 17. Qf2 {[%emt 0:03:36]} a5 {[%emt 0:05:22]} 18. a4 {[%emt 0:06:17]} Qc4 {[%emt 0:02:12]} 19. Ra3 {[%emt 0:05:43]} Rd7 {[%emt 0:06:42]} 20. Bb6 {[%emt 0:05:07]} Bh6 {[%emt 0:04:49]} 21. Be2 {[%emt 0:09:54]} Qe6 {[%emt 0:02:57]} 22. Rd1 {[%emt 0:03:40]} Rad8 {[%emt 0:27:40]} 23. Raa1 {[%emt 0:03:19]} Rd2 {[%emt 0:00:58]} 24. Kf1 {[%emt 0:08:56]} R8d7 {[%emt 0:04:55]} 25. Rxd2 {[%emt 0:07:25]} Rxd2 {[%emt 0:00:32]} 26. Re1 {[%emt 0:07:27]} Rxb2 {[%emt 0:04:17]} 27. Bxa5 {[%emt 0:01:41]} Bd3 {[%emt 0:01:06]} 28. g4 {[%emt 0:04:16]} Bf4 {[%emt 0:10:48]} 29. c4 {[%emt 0:03:16]} Qxc4 {[%emt 0:00:47]} 30. Bd8 {[%emt 0:03:53]} Bd6 {[%emt 0:02:18]} 31. Bb6 {[%emt 0:00:34]} Bb4 {[%emt 0:02:16]} 32. Qd4 {[%emt 0:01:22]} Bxe2+ {[%emt 0:00:14]} 33. Kg1 {[%emt 0:00:10]} Qxd4+ {[%emt 0:01:22]} 34. Bxd4 {[%emt 0:00:08]} Bxe1 {[%emt 0:00:28]} 35. Bxb2 {[%emt 0:00:28]} Bxf3 {[%emt 0:00:11]} 0-1

[Event "SVK Extraliga 2019-20"]
[Site "Slovakia"]
[Date "2020.01.18"]
[Round "5.8"]
[White "Jurcik, Martin"]
[Black "Bombek, Peter"]
[Result "1-0"]
[WhiteElo "2372"]
[BlackElo "2165"]
[Annotator "ChessBase"]
[PlyCount "67"]
[EventDate "2019.10.19"]
[EventType "team-tourn"]
[EventCountry "SVK"]
[SourceTitle "playchess.com"]
[Source "ChessBase"]
[SourceQuality "1"]
[WhiteTeam "Zilina"]
[BlackTeam "Dubnica"]
[TimeControl "40/5400+30:1800+30"]

1. e4 {[%emt 0:00:00]} e6 {[%emt 0:00:00]} 2. d4 {[%emt 0:00:15]} d5 {[%emt 0:00:00]} 3. Bd3 {[%emt 0:00:58]} c5 {[%emt 0:02:29]} 4. exd5 {[%emt 0:01:19]} exd5 {[%emt 0:01:16]} 5. Nf3 {[%emt 0:00:16]} c4 {[%emt 0:01:21]} 6. Be2 {[%emt 0:00:25]} Nf6 {[%emt 0:01:11]} 7. b3 {[%emt 0:04:24]} cxb3 {[%emt 0:00:10]} 8. axb3 {[%emt 0:00:06]} Bb4+ {[%emt 0:03:19]} 9. c3 {[%emt 0:02:13]} Bd6 {[%emt 0:00:15]} 10. Bg5 {[%emt 0:03:24]} h6 {[%emt 0:03:15]} 11. Bh4 {[%emt 0:00:55]} O-O {[%emt 0:01:24]} 12. O-O {[%emt 0:01:01]} Bf5 {[%emt 0:02:01]} 13. Ne5 {[%emt 0:19:10]} Nbd7 {[%emt 0:04:41]} 14. Nxd7 Bxd7 {[%emt 0:01:01]} 15. c4 {[%emt 0:13:53]} g5 {[%emt 0:15:00]} 16. Bg3 {[%emt 0:00:20]} Bf5 {[%emt 0:02:08]} 17. Bxd6 {[%emt 0:19:43]} Qxd6 {[%emt 0:00:46]} 18. c5 {[%emt 0:00:09]} Qe6 {[%emt 0:03:10]} 19. Nc3 {[%emt 0:02:23]} a6 {[%emt 0:02:29]} 20. Re1 {[%emt 0:02:03]} Rfe8 {[%emt 0:06:44]} 21. Qd2 {[%emt 0:01:42]} Ne4 {[%emt 0:02:41]} 22. Nxe4 {[%emt 0:00:12]} dxe4 {[%emt 0:11:11]} 23. d5 {[%emt 0:05:24]} Qe5 {[%emt 0:05:44]} 24. Bc4 {[%emt 0:01:53]} Rac8 {[%emt 0:05:12]} 25. b4 {[%emt 0:00:25]} Rcd8 {[%emt 0:03:15]} 26. Qe3 {[%emt 0:09:20]} Kg7 {[%emt 0:07:30]} 27. Rad1 {[%emt 0:03:55]} Qb2 {[%emt 0:01:49]} 28. Qd4+ {[%emt 0:01:18]} Qxd4 {[%emt 0:00:06]} 29. Rxd4 {[%emt 0:00:01]} Bg6 {[%emt 0:02:04]} 30. d6 {[%emt 0:01:16]} f5 {[%emt 0:03:03]} 31. Bxa6 {[%emt 0:01:52]} bxa6 {[%emt 0:00:25]} 32. c6 {[%emt 0:00:44]} Re6 {[%emt 0:04:05]} 33. c7 {[%emt 0:00:43]} Ra8 {[%emt 0:04:39]} 34. d7 {[%emt 0:00:19]} 1-0